[Event "LTU-ch U16"]
[Site "Panevezys"]
[Date "2015.04.01"]
[Round "4"]
[White "Jankevicius, Nedas"]
[Black "Samuolis, Mantas"]
[Result "1-0"]
[WhiteElo "1638"]
[BlackElo "1733"]
[PlyCount "69"]
[EventDate "2015.03.30"]
[EventType "swiss"]
[EventRounds "7"]
[EventCountry "LTU"]
[SourceTitle "EXT 2017"]
[Source "ChessBase"]
[SourceDate "2016.10.25"]
[SourceVersion "1"]
[SourceVersionDate "2016.10.25"]
[SourceQuality "1"]

1. e4 c5 2. Nc3 Nc6 3. f4 e6 4. Nf3 d5 5. Bb5 a6 6. Bxc6+ bxc6 7. 0-0 Be7 8. Ne5 Qc7 9. Qg4 g6 10. d3 Bf6 11. Nf3 Bg7 12. Qh4 Bf6 13. Qf2 Ne7 14. Qxc5 Qa7 15. Be3 Qxc5 16. Bxc5 Bd7 17. e5 Bg7 18. Nd4 Rb8 19. Na4 Nf5 20. Nxf5 gxf5 21. Rfb1 h5 22. Bd6 Ra8 23. Nc5 Bh6 24. g3 Rg8 25. Kf2 Bc8 26. b4 Ra7 27. a4 f6 28. exf6 Rf7 29. Be5 Rg6 30. b5 cxb5 31. axb5 axb5 32. Ra8 Kd8 33. Nxe6+ Kd7 34. Nc5+ Kd8 35. Rxb5 1-0

[Event "Palanga Baltija op-A"]
[Site "Palanga"]
[Date "2014.06.20"]
[Round "7"]
[White "Samuolis, Mantas"]
[Black "Migunovs, Andrejs"]
[Result "1/2-1/2"]
[WhiteElo "1591"]
[BlackElo "1810"]
[PlyCount "85"]
[EventDate "2014.06.16"]
[EventType "swiss"]
[EventRounds "9"]
[EventCountry "LTU"]
[SourceTitle "CBM 161 Extra"]
[Source "ChessBase"]
[SourceDate "2014.08.29"]
[SourceVersion "1"]
[SourceVersionDate "2014.08.29"]
[SourceQuality "1"]

1. d4 d6 2. c4 Nf6 3. Nc3 g6 4. e4 Bg7 5. f3 c6 6. Be3 Qc7 7. Qd2 Na6 8. Nge2 Bd7 9. Bh6 Bxh6 10. Qxh6 0-0-0 11. Rc1 Rhg8 12. Qd2 e5 13. a3 exd4 14. Nxd4 Nh5 15. Nd5 cxd5 16. cxd5 Nc5 17. b4 f5 18. bxc5 dxc5 19. Nb3 b6 20. Ba6+ Kb8 21. 0-0 Bc8 22. Bxc8 Qxc8 23. Qb2 Ka8 24. Nd4 Qd7 25. Nc6 Rde8 26. Rc4 Rc8 27. Qb5 Rc7 28. Ra4 Rb7 29. Rb1 Rg7 30. Qa6 Qc7 31. e5 Rd7 32. Qc4 Nf4 33. Qxf4 Rxd5 34. Nxa7 Rxa7 35. Rxa7+ Qxa7 36. e6 c4 37. Qe3 b5 38. Re1 Qxe3+ 39. Rxe3 Rd8 40. Kf1 Kb7 41. Ke1 Re8 42. Kd2 Kc6 43. Re5 1/2-1/2

[Event "LTU-ch U14"]
[Site "Panevezys"]
[Date "2014.03.27"]
[Round "4"]
[White "Bisigirskas, Paulius"]
[Black "Samuolis, Mantas"]
[Result "1/2-1/2"]
[WhiteElo "1626"]
[BlackElo "1552"]
[PlyCount "148"]
[EventDate "2014.03.25"]
[EventType "swiss"]
[EventRounds "9"]
[EventCountry "LTU"]
[SourceTitle "CBM 159 Extra"]
[Source "ChessBase"]
[SourceDate "2014.04.24"]
[SourceVersion "1"]
[SourceVersionDate "2014.04.24"]
[SourceQuality "1"]

1. d4 Nf6 2. c4 g6 3. Nc3 d5 4. Bf4 c6 5. e3 Bg7 6. Qb3 0-0 7. Nf3 e6 8. Be2 Nbd7 9. Ne5 dxc4 10. Bxc4 Nd5 11. Nxd7 Qxd7 12. Bg3 Nb6 13. Be2 Qe7 14. 0-0 e5 15. dxe5 Bxe5 16. Bxe5 Qxe5 17. Rad1 Be6 18. Qc2 Rad8 19. b3 Nd5 20. Nxd5 Bxd5 21. Bd3 Rfe8 22. Rfe1 Be4 23. Bxe4 Rxd1 24. Rxd1 Qxe4 25. Qxe4 Rxe4 26. Rd8+ Kg7 27. a3 Re7 28. Kf1 Kf6 29. Ke2 b6 30. f3 Ke6 31. Kd3 f6 32. e4 Ke5 33. Ke3 g5 34. g3 a5 35. Rb8 b5 36. Ra8 Rd7 37. Rxa5 Rd1 38. Ra7 Rb1 39. f4+ gxf4+ 40. gxf4+ Kd6 41. b4 Rb3+ 42. Kf2 Rh3 43. Kg2 Re3 44. Kf2 Rh3 45. Kg2 Re3 46. Kf2 Rh3 47. Ra6 Rxh2+ 48. Kg3 Re2 49. Kf3 Re1 50. Ra7 h5 51. Rh7 Rh1 52. Kg2 Re1 53. Rxh5 Rxe4 54. Kf3 Rc4 55. Kg4 Ke6 56. Rh8 Rd4 57. Re8+ Kf7 58. Re3 Rd5 59. Rc3 Rd6 60. Kf5 Rd5+ 61. Ke4 f5+ 62. Kf3 Rd6 63. Kg3 Kf6 64. Kf3 Kf7 65. Kf2 Kf6 66. Rh3 Kg6 67. Ke3 Kg7 68. Rh5 Kg6 69. Rh8 Kg7 70. Ra8 Kf7 71. a4 bxa4 72. Rxa4 Ke7 73. Ra5 Kf6 74. Rc5 Ke6 1/2-1/2

[Event "LTU-ch U14"]
[Site "Panevezys"]
[Date "2014.03.26"]
[Round "3"]
[White "Zukauskas, Arnas Povilas"]
[Black "Samuolis, Mantas"]
[Result "1-0"]
[WhiteElo "1649"]
[BlackElo "1552"]
[PlyCount "53"]
[EventDate "2014.03.25"]
[EventType "swiss"]
[EventRounds "9"]
[EventCountry "LTU"]
[SourceTitle "CBM 159 Extra"]
[Source "ChessBase"]
[SourceDate "2014.04.24"]
[SourceVersion "1"]
[SourceVersionDate "2014.04.24"]
[SourceQuality "1"]

1. e4 c5 2. Nf3 Nc6 3. d4 cxd4 4. Nxd4 Nf6 5. Nc3 e6 6. Be3 a6 7. a3 Qc7 8. Be2 Be7 9. 0-0 0-0 10. f4 e5 11. Nf5 d6 12. Nxe7+ Nxe7 13. fxe5 dxe5 14. Nd5 Nfxd5 15. exd5 Nf5 16. Bf2 Rd8 17. c4 b6 18. Rc1 Qd6 19. Bf3 Rb8 20. Qd3 Qe7 21. b4 Bd7 22. Rfd1 Nd6 23. c5 bxc5 24. bxc5 Ne8 25. d6 Qf6 26. c6 Bxc6 27. Rxc6 1-0